[Event "Gibraltar Open"]
[Site "Caleta ENG"]
[Date "2012.01.29"]
[Round "6.35"]
[White "Adrian, Claude"]
[Black "Cramling, Pia"]
[Result "0-1"]
[WhiteTitle "IM"]
[BlackTitle "GM"]
[WhiteElo "2271"]
[BlackElo "2491"]
[WhiteFideId "601071"]
[BlackFideId "1700030"]
[EventDate "2012.01.24"]

1. Nf3 Nf6 2. c4 b6 3. g3 Bb7 4. Bg2 g6 5. d4 Bg7 6. O-O O-O 7. Qc2 Be4 8. Qd2
d5 9. Nc3 e6 10. b3 Nc6 11. Rd1 Re8 12. Bb2 Ne7 13. Rac1 Rc8 14. Nxe4 Nxe4 15.
Qd3 c5 16. cxd5 exd5 17. Rc2 Nc6 18. a3 Nxd4 19. Nxd4 cxd4 20. Rxc8 Qxc8 21. Rc1
Nc5 22. Qf3 Qe6 23. Rc2 Qe4 24. Rd2 Qb1+ 25. Bf1 Ne4 26. Qd3 Nxd2 27. Qxd2 d3 0-1

[Event "Gibraltar Open"]
[Site "Caleta ENG"]
[Date "2012.01.29"]
[Round "6.38"]
[White "Hunt, Adam C"]
[Black "Nuri, Kambez"]
[Result "1/2-1/2"]
[WhiteTitle "IM"]
[BlackTitle "FM"]
[WhiteElo "2462"]
[BlackElo "2256"]
[WhiteFideId "403970"]
[BlackFideId "1311433"]
[EventDate "2012.01.24"]

1. e4 c5 2. Nf3 d6 3. d4 cxd4 4. Nxd4 Nf6 5. Nc3 a6 6. Qe2 e5 7. Nf5 g6 8. Ne3
Bg7 9. g3 Nc6 10. Bg2 b5 11. O-O O-O 12. Ncd5 Nxd5 13. Nxd5 Ne7 14. Ne3 Bb7 15.
c4 f5 16. Nd5 bxc4 17. Qxc4 Bxd5 18. exd5 Qc8 19. Qe2 Qb7 20. Rd1 Rfc8 21. Bg5
h6 22. Bxe7 Qxe7 23. Rac1 Qb7 24. Rc6 Rd8 25. Rdc1 e4 26. R1c2 Rd7 27. Bf1 a5
28. Qe3 Kh7 29. Rb6 Qa7 30. Ra6 Qb7 31. Rxa8 Qxa8 32. Qd2 Qa7 33. Rc6 Qd4 34.
Qxd4 Bxd4 35. b3 Bc5 36. Ba6 Kg7 37. Bc8 1/2-1/2

[Event "Gibraltar Open"]
[Site "Caleta ENG"]
[Date "2012.01.29"]
[Round "6.41"]
[White "Raznikov, Danny"]
[Black "Stone, Andrew M"]
[Result "1-0"]
[WhiteTitle "IM"]
[WhiteElo "2436"]
[BlackElo "2237"]
[WhiteFideId "2811154"]
[BlackFideId "404985"]
[EventDate "2012.01.24"]

1. d4 e6 2. c4 Bb4+ 3. Bd2 Qe7 4. Nc3 b6 5. e3 Bb7 6. f3 Nf6 7. Bd3 O-O 8. Nge2
d5 9. cxd5 exd5 10. a3 Bxc3 11. bxc3 c5 12. O-O Re8 13. Ng3 g6 14. Qe2 h5 15.
Qf2 Nc6 16. e4 dxe4 17. Nxe4 Nxe4 18. fxe4 Nd8 19. d5 a6 20. a4 Rc8 21. Rab1 c4
22. Bc2 Ba8 23. Rxb6 Nb7 24. Rf6 Nd6 25. Rxd6 Qxd6 26. Qxf7+ Kh8 27. Bg5 Rf8 28.
Bf6+ Qxf6 29. Rxf6 Rxf7 30. Rxf7 1-0

[Event "Gibraltar Open"]
[Site "Caleta ENG"]
[Date "2012.01.29"]
[Round "6.42"]
[White "Loew, Gerald"]
[Black "Lyrberg, Patrik"]
[Result "1-0"]
[WhiteTitle "FM"]
[BlackTitle "IM"]
[WhiteElo "2251"]
[BlackElo "2435"]
[WhiteFideId "4615875"]
[BlackFideId "1701975"]
[EventDate "2012.01.24"]

1. c4 Nf6 2. g3 c6 3. Bg2 d5 4. Nf3 Bg4 5. Ne5 Bh5 6. cxd5 cxd5 7. Nc3 Nbd7 8.
Qa4 e6 9. g4 Bg6 10. h4 b5 11. Nxb5 Qb8 12. Nxd7 Nxd7 13. h5 Bc2 14. Qa5 Bd6 15.
d3 O-O 16. Bd2 Rc8 17. Nxd6 Qxd6 18. Rc1 Ne5 19. Rh3 Rab8 20. b3 Nxg4 21. Qa4 f5
22. Qd4 Rb5 23. Qb2 Qb6 24. d4 Rc4 25. Rxc2 Rxd4 26. Qc3 Rc4 27. bxc4 Qxf2+ 28.
Kd1 Qxg2 29. cxb5 Qf1+ 30. Be1 Nf2+ 31. Kc1 Ne4 32. Qc8+ Kf7 33. Rc7+ Kf6 34.
Qf8+ Ke5 35. Qxg7+ Kd6 36. Rc6# 1-0

[Event "Gibraltar Open"]
[Site "Caleta ENG"]
[Date "2012.01.29"]
[Round "6.43"]
[White "Dunn, Andrew"]
[Black "Aloma Vidal, Robert"]
[Result "0-1"]
[WhiteTitle "CM"]
[BlackTitle "IM"]
[WhiteElo "2233"]
[BlackElo "2431"]
[WhiteFideId "401960"]
[BlackFideId "2260409"]
[EventDate "2012.01.24"]

1. c4 Nf6 2. Nc3 d5 3. d4 dxc4 4. e4 e5 5. d5 c6 6. Nf3 Bb4 7. Bxc4 Nxe4 8. O-O
Nf6 9. Nxe5 O-O 10. dxc6 Nxc6 11. Nxc6 Qxd1 12. Rxd1 bxc6 13. Bf4 Re8 14. Rac1
Be6 15. Bxe6 Rxe6 16. h3 Kf8 17. Be3 a5 18. Na4 Nd5 19. Bc5+ Ke8 20. Nb6 Nxb6
21. Bxb6 Rb8 22. Bd4 Bf8 23. Kf1 g6 24. Re1 Rxe1+ 25. Rxe1+ Kd7 26. Rd1 Ke6 27.
Bc3 Bb4 28. Bxb4 axb4 29. b3 Rb5 30. Rd2 Re5 31. Rc2 Kd5 32. Rc4 c5 33. f3 Re7
34. Rc2 Kd4 35. Rc4+ Kd5 36. Rc2 f5 37. Rd2+ Kc6 38. g3 Re3 39. Kf2 Rc3 40. h4
c4 41. bxc4 Kc5 42. h5 Kxc4 43. hxg6 hxg6 44. f4 Rd3 45. Rc2+ Kd4 46. Rb2 Kc3
47. Rb3+ Kc4 48. Rb2 Ra3 49. Kg2 Kc3 50. Re2 Ra8 51. g4 Rd8 52. gxf5 gxf5 53.
Re5 Rd2+ 54. Kf3 Rxa2 55. Rxf5 b3 56. Rb5 b2 57. Kg4 Ra4 58. Rxb2 Kxb2 59. Kg5
Kc3 60. f5 Kd4 61. f6 Ke5 0-1

[Event "Gibraltar Open"]
[Site "Caleta ENG"]
[Date "2012.01.29"]
[Round "6.44"]
[White "Zhukova, Natalia"]
[Black "Benmesbah, Natacha"]
[Result "1-0"]
[WhiteTitle "GM"]
[BlackTitle "WIM"]
[WhiteElo "2426"]
[BlackElo "2228"]
[WhiteFideId "14101513"]
[BlackFideId "642002"]
[EventDate "2012.01.24"]

1. d4 Nf6 2. c4 c5 3. d5 e6 4. Nc3 exd5 5. cxd5 d6 6. Nf3 g6 7. Bf4 a6 8. Nd2
Nbd7 9. Qc2 b5 10. a4 b4 11. Nce4 Nb6 12. Bg5 Be7 13. Bxf6 Bxf6 14. Nxf6+ Qxf6
15. e4 O-O 16. a5 Nd7 17. Be2 Re8 18. O-O Qd4 19. Rae1 b3 20. Nxb3 Qxe4 21. Qc3
Qf4 22. g3 Qf6 23. Nd2 Qxc3 24. bxc3 Nf6 25. Bf3 Bf5 26. Nc4 Bd3 27. Nxd6 Red8
28. Nb7 Rxd5 29. Bxd5 Nxd5 30. Nxc5 Bxf1 31. Kxf1 Nxc3 32. Re7 Rc8 33. Nd3 Nd5
34. Ra7 Rc6 35. Ne5 Rf6 36. Ng4 Re6 37. Nh6+ Kg7 38. Nxf7 Re7 39. Rxe7 Nxe7 40.
Ne5 Kf6 41. Nd7+ Ke6 42. Nb8 Kd6 43. Ke2 Kc5 44. Nxa6+ Kb5 45. Nc7+ Kxa5 46. Ke3
Kb6 47. Ne6 Kc6 48. Ke4 Nd5 49. Ke5 Nb4 50. f4 Nd3+ 51. Kf6 Nf2 52. Kg7 Kd5 53.
Ng5 Ng4 54. Kxh7 Nxh2 55. Kxg6 Ng4 56. Nf7 Ke4 57. Nh6 Ne3 58. f5 Kf3 59. f6 Nc4
60. g4 Kf4 61. f7 1-0

[Event "Gibraltar Open"]
[Site "Caleta ENG"]
[Date "2012.01.29"]
[Round "6.45"]
[White "Bellon Lopez, Juan Manuel"]
[Black "Lind, Jan-Olof"]
[Result "0-1"]
[WhiteTitle "GM"]
[WhiteElo "2422"]
[BlackElo "2219"]
[WhiteFideId "2200031"]
[BlackFideId "1701193"]
[EventDate "2012.01.24"]

1. d4 d6 2. e4 Nf6 3. Nc3 g6 4. Be3 Bg7 5. Qd2 a6 6. f3 Nbd7 7. O-O-O c6 8. Bh6
Bxh6 9. Qxh6 Qa5 10. Kb1 b5 11. Qd2 b4 12. Nce2 Rb8 13. Nc1 Qc7 14. g4 h6 15.
Nh3 c5 16. b3 cxd4 17. Qxd4 Ne5 18. Be2 Qb6 19. Qxb6 Rxb6 20. Nf4 g5 21. Ng2 Kf8
22. h4 Kg7 23. Nd3 Nc6 24. Nb2 a5 25. Ne3 Be6 26. Nbc4 Rbb8 27. Nd5 Nd7 28. Nce3
Nc5 29. Nc7 Rbc8 30. Nb5 Kf6 31. Nd5+ Bxd5 32. exd5 Ne5 33. Nd4 Ng6 34. Nf5 Nf4
35. Bb5 Rb8 36. Bc6 Rbc8 37. Rde1 Ng6 38. h5 Ne5 39. Re3 Nxc6 40. dxc6 Ne6 41.
c3 Rxc6 42. cxb4 axb4 43. Re4 Rb6 44. Rd1 Rb5 45. Ne3 Nf4 46. Rc4 d5 47. Rxf4+
gxf4 48. Nxd5+ Kg5 49. Nxe7 Kh4 50. Nf5+ Rxf5 51. gxf5 Kg3 52. Rd3 Kf2 53. a4
Ke2 54. Rd4 Kxf3 55. Rxb4 Kg3 56. Rc4 f3 57. Rc3 Kg2 58. Kb2 Re8 59. a5 f2 60.
Rc1 f1=Q 61. Rxf1 Kxf1 62. b4 Ke2 63. Kc3 Ra8 64. Kd4 Kf3 65. Kd5 Kf4 66. Kc6
Kxf5 67. Kb7 Re8 68. b5 Kg5 69. b6 f5 70. a6 f4 71. Kc6 f3 72. Kd7 Re1 73. b7
Rb1 74. Kc6 f2 75. a7 f1=Q 76. b8=Q Qc4+ 77. Kd7 Qf7+ 0-1

[Event "Gibraltar Open"]
[Site "Caleta ENG"]
[Date "2012.01.29"]
[Round "6.46"]
[White "Hanley, Craig A"]
[Black "Pettersson, Anders1"]
[Result "1/2-1/2"]
[WhiteTitle "IM"]
[WhiteElo "2421"]
[BlackElo "2219"]
[WhiteFideId "408514"]
[BlackFideId "1709771"]
[EventDate "2012.01.24"]

1. e4 c5 2. Nf3 g6 3. d4 cxd4 4. Nxd4 Nc6 5. c4 Nf6 6. Nc3 d6 7. Be2 Nxd4 8.
Qxd4 Bg7 9. Bg5 O-O 10. Qd2 Be6 11. O-O Qa5 12. Rac1 Rfc8 13. b3 a6 14. a4 b5
15. axb5 axb5 16. e5 dxe5 17. Bf3 e4 18. Nxe4 Nxe4 19. Bxe4 Qxd2 20. Bxd2 Ra2
21. Bg5 bxc4 22. bxc4 Rxc4 23. Rxc4 Bxc4 24. Rc1 Bb2 25. Rxc4 Ra1+ 26. Bc1 Bxc1
27. g3 Ba3+ 28. Kg2 Bd6 29. h4 h5 30. Rc3 Kg7 31. Bd5 Rd1 32. Bb3 Rd2 33. Rc2
Rd3 34. Bc4 Rd4 35. Be2 e5 36. Rc3 e4 37. Rc4 Rxc4 1/2-1/2

[Event "Gibraltar Open"]
[Site "Caleta ENG"]
[Date "2012.01.29"]
[Round "6.47"]
[White "Freuler, Roman"]
[Black "Molina, Roberto Junio Brito"]
[Result "1/2-1/2"]
[BlackTitle "IM"]
[WhiteElo "2077"]
[BlackElo "2415"]
[WhiteFideId "1304283"]
[BlackFideId "2109450"]
[EventDate "2012.01.24"]

1. e4 c6 2. d4 d5 3. Nc3 dxe4 4. Nxe4 Nd7 5. Nf3 Ngf6 6. Ned2 e6 7. g3 Be7 8.
Bg2 O-O 9. O-O Qc7 10. Re1 b6 11. Ne5 Bb7 12. Nb3 Nxe5 13. dxe5 Rad8 14. Qe2 Nd7
15. Qe4 Ba8 16. Qe2 c5 17. Bxa8 Rxa8 18. c4 Rad8 19. Bd2 Nb8 20. Rad1 Rd7 21.
Bc3 Rfd8 22. Rxd7 Qxd7 23. Nd2 Nc6 24. Nf3 a6 25. Kg2 Qb7 26. Qe4 b5 27. b3 Rd7
28. Re2 b4 29. Bb2 a5 30. Rd2 Nd8 31. Qxb7 Rxb7 32. Rd3 Kf8 33. Nd2 Ke8 34. Ne4
Rb6 35. Bc1 a4 36. Be3 Nb7 37. Kf1 Ra6 38. Ke2 h5 39. h4 f5 40. Nd2 axb3 41.
axb3 Ra2 42. Kd1 Na5 43. Kc1 Nc6 44. f4 Ra1+ 45. Nb1 Bf8 46. Kb2 Ra7 47. Nd2 Ra8
48. Nf3 Ra6 49. Bf2 Be7 50. Be3 Nb8 51. Bf2 Nd7 52. Be3 Kd8 53. Bf2 Kc7 54. Rd1
Ra8 55. Be3 Kc6 56. Ra1 Rd8 57. Rd1 Rc8 58. Ra1 Kb7 59. Rd1 Nb6 60. Bf2 Kc7 61.
Be3 Re8 62. Bf2 Kc6 63. Be3 Nd7 1/2-1/2

[Event "Gibraltar Open"]
[Site "Caleta ENG"]
[Date "2012.01.29"]
[Round "6.48"]
[White "Valhondo Morales, Ruben"]
[Black "Astaneh Lopez, Alex"]
[Result "1-0"]
[BlackTitle "IM"]
[WhiteElo "2046"]
[BlackElo "2414"]
[WhiteFideId "22202692"]
[BlackFideId "2501430"]
[EventDate "2012.01.24"]

1. e4 e5 2. Nf3 Nc6 3. Bc4 Be7 4. d4 d6 5. d5 Nb8 6. Nc3 a6 7. a4 Nd7 8. Be3 Nf8
9. h3 Ng6 10. Qd2 h5 11. O-O-O h4 12. Kb1 Nf6 13. Ng1 c5 14. dxc6 bxc6 15. f4
Rb8 16. f5 Nf8 17. Nf3 Rb4 18. Qd3 Nh5 19. Rd2 Nd7 20. Rhd1 Qc7 21. Ng5 Rf8 22.
Bb3 Nf4 23. Bxf4 exf4 24. Nf3 Nc5 25. Qe2 a5 26. e5 dxe5 27. Bc4 Bf6 28. Ne4
Nxe4 29. Qxe4 Ba6 30. Nxe5 Bxe5 31. Rd6 Rxb2+ 32. Kc1 1-0

[Event "Gibraltar Open"]
[Site "Caleta ENG"]
[Date "2012.01.29"]
[Round "6.49"]
[White "Houska, Jovanka"]
[Black "Kandic, Milan"]
[Result "0-1"]
[WhiteTitle "IM"]
[WhiteElo "2414"]
[BlackElo "2131"]
[WhiteFideId "405094"]
[BlackFideId "926752"]
[EventDate "2012.01.24"]

1. d4 g6 2. e4 Bg7 3. Nf3 d6 4. Be2 Nf6 5. Nc3 c6 6. a4 O-O 7. O-O Nbd7 8. h3 e5
9. dxe5 dxe5 10. Be3 Qe7 11. Qd3 Re8 12. a5 Nc5 13. Qc4 Bf8 14. Rfd1 Na6 15. Qa4
Nc5 16. Qa3 Nfxe4 17. Nxe4 Nxe4 18. Qxe7 Bxe7 19. Nxe5 Bf6 20. Nd3 Ng3 21. Bf3
Nf5 22. Bc5 Nh4 23. Bg4 Bxg4 24. hxg4 Re4 25. f3 Re2 26. Bf2 Rxc2 27. Nc5 g5 28.
Ne4 Bxb2 29. Rab1 h6 30. Rd7 b6 31. a6 c5 32. Rbd1 Bd4 33. R1xd4 cxd4 34. Nf6+
Kg7 35. Bxd4 Rxg2+ 36. Kf1 Rc8 37. Ne4+ Kg8 38. Nf6+ Kf8 39. Nh7+ Kg8 40. Nf6+
Kg7 41. Ne4+ Kf8 42. Bc3 Ra2 43. Rxa7 Nxf3 44. Rb7 Rxc3 45. Nxc3 Rxa6 46. Nd5
Nh2+ 47. Kg2 Nxg4 48. Kg3 Ne5 49. Ne3 Kg7 50. Re7 Ng6 51. Rb7 Ra3 52. Kf2 Rb3
53. Nf5+ Kf6 54. Nxh6 Ne5 55. Ng8+ Kf5 56. Nh6+ Kg6 57. Ng8 Nc6 58. Rc7 Kg7 59.
Rc8 b5 60. Ke2 b4 61. Kd2 g4 62. Rxc6 Kxg8 63. Rc4 Rg3 64. Rxb4 Kg7 65. Rb6 f6
66. Ke2 Kg6 67. Kf2 Ra3 68. Kg2 Kg5 69. Rb8 f5 70. Rb7 Re3 71. Kf2 Kf4 72. Rb5
Re4 73. Rb3 g3+ 74. Kg2 Re2+ 75. Kf1 Ra2 76. Rb8 Kg4 77. Rf8 f4 78. Rb8 Ra1+ 0-1

[Event "Gibraltar Open"]
[Site "Caleta ENG"]
[Date "2012.01.29"]
[Round "6.51"]
[White "Schiller, Eric"]
[Black "Leimeister, Winfried"]
[Result "0-1"]
[WhiteTitle "FM"]
[WhiteElo "2109"]
[BlackElo "1918"]
[WhiteFideId "2002973"]
[BlackFideId "24653721"]
[EventDate "2012.01.24"]

1. d4 Nf6 2. e3 g6 3. Nf3 Bg7 4. c4 d6 5. Nc3 O-O 6. Be2 Nbd7 7. O-O e5 8. b4
Re8 9. c5 e4 10. Ng5 d5 11. Qb3 c6 12. f3 Nh5 13. Ncxe4 h6 14. Nxf7 Kxf7 15.
Nd6+ Kg8 16. Nxe8 Qxe8 17. Bb2 Nf8 18. Rfe1 Be6 19. a4 Qe7 20. b5 g5 21. a5 a6
22. bxc6 bxc6 23. Ra4 g4 24. Rb4 Qh4 25. Rf1 g3 26. hxg3 Nxg3 27. Bd3 Nxf1 28.
Bxf1 Qe1 29. Rb6 Bd7 30. Qc3 Qxc3 31. Bxc3 Ne6 32. Bb4 Nc7 33. Rb7 Rc8 34. Ra7
Bf5 35. Bxa6 Nxa6 36. Rxa6 Bd3 37. Rb6 Bf6 38. Rb7 Re8 39. Rb6 Rxe3 40. Rxc6
Bxd4 41. Kh2 Be5+ 42. Kh3 Bf5+ 43. g4 Rxf3+ 44. Kg2 Be4 0-1

[Event "Gibraltar Open"]
[Site "Caleta ENG"]
[Date "2012.01.29"]
[Round "6.52"]
[White "Quillan, Gary"]
[Black "Choukri, Adel"]
[Result "1-0"]
[WhiteTitle "IM"]
[WhiteElo "2409"]
[BlackElo "2115"]
[WhiteFideId "401153"]
[BlackFideId "9000399"]
[EventDate "2012.01.24"]

1. e4 e6 2. d4 d5 3. e5 c5 4. c3 Nc6 5. Nf3 Qb6 6. Be2 cxd4 7. cxd4 Bb4+ 8. Kf1
h5 9. h4 Nh6 10. a3 Be7 11. Nc3 a6 12. b4 Nf5 13. Na4 Qa7 14. Bb2 b6 15. g3 g6
16. Kg2 Bd7 17. Bd3 Rc8 18. Re1 O-O 19. Bb1 Rc7 20. Nc3 Ng7 21. Qd2 b5 22. Ne2
Kh7 23. Nf4 Rh8 24. Nd3 Be8 25. Nc5 Nb8 26. Bc1 Nd7 27. Qe2 Nb6 28. Bg5 Bxg5 29.
Nxg5+ Kg8 30. Bd3 Nc4 31. Qf3 Nf5 32. Bxf5 gxf5 33. Qf4 Rc6 34. a4 Rb6 35. axb5
Bxb5 36. Ra2 Qe7 37. Rea1 Kg7 38. Nxa6 Bxa6 39. Rxa6 Qxb4 40. R1a4 Qe7 41. Ra7
Rb7 42. Nxe6+ fxe6 43. Qg5+ Kf7 44. Rxb7 Qxb7 45. Qf6+ Kg8 46. Qxe6+ Kf8 47.
Qxf5+ Kg7 48. Qf6+ Kg8 49. Qg6+ Kf8 50. Ra6 Rh7 51. Rf6+ Rf7 52. e6 Rxf6 53.
Qxf6+ Kg8 54. Qd8+ Kh7 55. Qd7+ 1-0

[Event "Gibraltar Open"]
[Site "Caleta ENG"]
[Date "2012.01.29"]
[Round "6.53"]
[White "Ungureanu, Sandu"]
[Black "Alvarez Marquez, Johann"]
[Result "0-1"]
[BlackTitle "IM"]
[WhiteElo "2039"]
[BlackElo "2398"]
[WhiteFideId "1212311"]
[BlackFideId "3900649"]
[EventDate "2012.01.24"]

1. e4 c5 2. Nf3 Nc6 3. d4 cxd4 4. Nxd4 Nf6 5. f3 e6 6. c4 Bb4+ 7. Nc3 O-O 8.
Nxc6 dxc6 9. Qxd8 Rxd8 10. Bd2 e5 11. O-O-O Be6 12. Be2 Nd7 13. Kc2 Bc5 14. Nb1
a5 15. Bc3 a4 16. g4 Rdb8 17. b4 axb3+ 18. axb3 Ra2+ 19. Bb2 b5 20. Nc3 bxc4 21.
Nxa2 cxb3+ 22. Kb1 bxa2+ 23. Ka1 g5 24. Rxd7 Bxd7 25. Bxe5 Be6 26. Rc1 Be3 27.
Bxb8 Bd4+ 0-1

[Event "Gibraltar Open"]
[Site "Caleta ENG"]
[Date "2012.01.29"]
[Round "6.54"]
[White "Melia, Salome"]
[Black "Herman, Jean"]
[Result "1/2-1/2"]
[WhiteTitle "IM"]
[WhiteElo "2398"]
[BlackElo "2077"]
[WhiteFideId "13602446"]
[BlackFideId "263036"]
[EventDate "2012.01.24"]

1. e4 c5 2. Nf3 d6 3. d4 cxd4 4. Qxd4 Nc6 5. Bb5 Bd7 6. Bxc6 Bxc6 7. Nc3 Nf6 8.
Bg5 e6 9. O-O-O Be7 10. Rhe1 O-O 11. Kb1 Qa5 12. Qd2 Qb6 13. Nd4 Rfd8 14. f3 a6
15. g4 Qc7 16. h4 b5 17. Nce2 Bb7 18. Ng3 Rac8 19. Rg1 Kh8 20. Nh5 Ng8 21. Qh2
Rd7 22. Bxe7 Nxe7 23. g5 Nc6 24. Nxc6 Qxc6 25. Rd2 d5 26. Qe5 Rg8 27. Qd4 Rc7
28. Rgd1 Qc5 29. e5 b4 30. Qxc5 Rxc5 31. Rd4 a5 32. Nf4 Rgc8 33. R1d2 Ba6 34. h5
Kg8 35. h6 Rc4 36. Nh5 Rxd4 37. Rxd4 Be2 38. Nxg7 Bxf3 39. Rd2 Be4 40. Nh5 Kf8
41. Nf6 Bg6 42. Kc1 Rc4 43. Kd1 Ke7 44. c3 Kd8 45. Rf2 Ke7 1/2-1/2

[Event "Gibraltar Open"]
[Site "Caleta ENG"]
[Date "2012.01.29"]
[Round "6.56"]
[White "Pavlovic, Milos"]
[Black "Rowe, Duane"]
[Result "1-0"]
[WhiteTitle "GM"]
[BlackTitle "CM"]
[WhiteElo "2531"]
[BlackElo "2236"]
[WhiteFideId "900389"]
[BlackFideId "7400268"]
[EventDate "2012.01.24"]

1. Nf3 Nf6 2. c4 Nc6 3. d4 e6 4. Nc3 Bb4 5. e3 d6 6. Bd2 O-O 7. a3 Bxc3 8. Bxc3
Ne4 9. Qc2 Nxc3 10. Qxc3 Qf6 11. Be2 e5 12. d5 Ne7 13. O-O Ng6 14. Nd2 Qg5 15.
Kh1 f5 16. c5 Bd7 17. cxd6 cxd6 18. Qb4 Qe7 19. Rac1 b5 20. Rc7 a5 21. Qb3 Rfb8
22. Rfc1 Kh8 23. Qd1 Qd8 24. Bh5 Nf8 25. h3 Rc8 26. Rxc8 Rxc8 27. Rxc8 Qxc8 28.
Nb3 a4 29. Na5 Qc5 30. Qd2 g6 31. Be2 Kg7 32. Kh2 Kf7 33. Nc6 f4 34. exf4 Qxf2
35. fxe5 Bf5 36. e6+ Ke8 37. Qg5 1-0

[Event "Gibraltar Open"]
[Site "Caleta ENG"]
[Date "2012.01.29"]
[Round "6.57"]
[White "Vaarala, Eric"]
[Black "Cernousek, Lukas"]
[Result "1/2-1/2"]
[BlackTitle "IM"]
[WhiteElo "2238"]
[BlackElo "2438"]
[WhiteFideId "1711962"]
[BlackFideId "311707"]
[EventDate "2012.01.24"]

1. e4 c5 2. Nf3 d6 3. d4 Nf6 4. Nc3 cxd4 5. Nxd4 a6 6. h3 e6 7. g4 d5 8. Nde2
Nxe4 9. Nxe4 dxe4 10. Qxd8+ Kxd8 11. Bg5+ Be7 12. O-O-O+ Bd7 13. Bf4 g5 14. Bg3
Ke8 15. Nc3 Bc6 16. Bg2 f5 17. gxf5 exf5 18. Nd5 Kf7 19. Be5 Rg8 20. Nb6 Ra7 21.
Bf1 Kg6 22. Bd4 Bf6 23. Be3 Rd8 24. Bc4 Bb5 25. Rxd8 Bxd8 26. Rd1 Bc7 27. Bxb5
axb5 28. Nd5 b6 29. Nxc7 Rxc7 30. Rd6+ Kh5 31. Rxb6 f4 32. Bxf4 gxf4 33. Rxb5+
Kh4 34. Rxb8 Kxh3 35. Rg8 e3 36. fxe3 f3 37. Kd2 f2 38. Ke2 Rxc2+ 39. Kf1 Rxb2
40. a4 Ra2 41. Rg5 h6 42. Rg6 h5 43. a5 Rxa5 1/2-1/2

[Event "Gibraltar Open"]
[Site "Caleta ENG"]
[Date "2012.01.29"]
[Round "6.58"]
[White "Lund, Silas"]
[Black "Thingstad, Even"]
[Result "1-0"]
[WhiteTitle "IM"]
[WhiteElo "2414"]
[BlackElo "2219"]
[WhiteFideId "1405454"]
[BlackFideId "1506439"]
[EventDate "2012.01.24"]

1. d4 d5 2. c4 c6 3. Nf3 Nf6 4. Nc3 e6 5. Bg5 h6 6. Bh4 dxc4 7. e4 g5 8. Bg3 b5
9. Be2 Bb7 10. O-O Nbd7 11. Ne5 h5 12. Nxd7 Qxd7 13. Be5 Rh6 14. Qc1 Rg6 15.
Bxf6 Rxf6 16. Qxg5 Rg6 17. Qe3 Bg7 18. Rad1 O-O-O 19. Bxh5 Bxd4 20. Bxg6 fxg6
21. Qg5 c5 22. Rxd4 cxd4 23. Nxb5 Ba6 24. Qc5+ Kb8 25. a4 Bxb5 26. axb5 d3 27.
Rd1 d2 28. b6 Ka8 29. Rxd2 1-0

[Event "Gibraltar Open"]
[Site "Caleta ENG"]
[Date "2012.01.29"]
[Round "6.59"]
[White "Urbina Perez, Juan Antonio"]
[Black "Getz, Nicolai"]
[Result "1/2-1/2"]
[WhiteTitle "CM"]
[BlackTitle "IM"]
[WhiteElo "2210"]
[BlackElo "2408"]
[WhiteFideId "2217368"]
[BlackFideId "1505572"]
[EventDate "2012.01.24"]

1. e4 c5 2. Nf3 e6 3. c3 Nf6 4. e5 Nd5 5. g3 d6 6. exd6 Bxd6 7. Bg2 Nc6 8. d4
O-O 9. O-O Bd7 10. Na3 cxd4 11. Nb5 Bc5 12. Nbxd4 Bb6 13. Nxc6 Bxc6 14. Nd4 Bxd4
15. Qxd4 Qc7 16. c4 e5 17. Qd1 Ne7 18. b3 Rad8 19. Qe2 Bxg2 20. Kxg2 Nc6 21. Bb2
f5 22. Rad1 Rde8 23. Qd2 Rf7 24. b4 e4 25. b5 Na5 26. Rc1 b6 27. Qd5 Rd8 28. Qe6
Qc8 29. Qxc8 Rxc8 30. Rfd1 Rfc7 31. c5 bxc5 32. Rd5 g6 33. Be5 Re7 34. Rdxc5
Rxc5 35. Rxc5 Kf7 36. Rc7 Rxc7 37. Bxc7 Nc4 38. Bb8 Na3 39. Bxa7 Nxb5 40. Be3
Na3 41. h4 Ke6 42. Kh3 h5 43. Kg2 Kd5 44. Bc1 Nc4 45. Kf1 Kd4 46. Ke2 Kc3 47.
Kd1 Kd3 48. Be3 Kc3 49. Bc1 Kd3 1/2-1/2

[Event "Gibraltar Open"]
[Site "Caleta ENG"]
[Date "2012.01.29"]
[Round "6.61"]
[White "Tscharotschkin, Michael"]
[Black "Adnani, Mokhlis"]
[Result "0-1"]
[WhiteElo "2195"]
[BlackElo "2386"]
[WhiteFideId "4619510"]
[BlackFideId "9000100"]
[EventDate "2012.01.24"]

1. e4 e6 2. d4 d5 3. exd5 exd5 4. Bd3 Bd6 5. Ne2 c6 6. c3 Qc7 7. Qc2 Nd7 8. Nd2
Ndf6 9. Nf3 Bg4 10. Be3 Ne7 11. h3 Bh5 12. O-O-O O-O-O 13. Ne5 Rhf8 14. Rhe1 c5
15. g4 Bg6 16. Nxg6 hxg6 17. dxc5 Bxc5 18. Bxc5 Qxc5 19. Nd4 Nc6 20. Bf1 Rfe8
21. Nxc6 bxc6 22. Bg2 Qc4 23. b3 Qf4+ 24. Kb1 Qh2 25. Bf3 Qf4 26. Qd3 Kc7 27.
Rxe8 Rxe8 28. c4 dxc4 29. Qc3 Qe5 30. Qxc4 Ne4 31. Qxf7+ Re7 32. Qxg6 Nc3+ 33.
Kc2 Re6 34. Qf7+ Kb6 35. Rd7 Nxa2 36. Rb7+ Kc5 37. Qf5 Nb4+ 38. Kc1 g5 39. Rxa7
Kb6 40. Qxe5 Nd3+ 41. Kc2 Nxe5 42. Rh7 Nxf3 43. Rf7 Ng1 44. f4 Nxh3 45. fxg5 Rg6
46. Rf5 Nxg5 47. Rf4 Nh7 48. b4 Nf6 49. Kb3 Nxg4 0-1

[Event "Gibraltar Open"]
[Site "Caleta ENG"]
[Date "2012.01.29"]
[Round "6.63"]
[White "Wantiez, Fabrice"]
[Black "Walton, Alan J"]
[Result "1-0"]
[WhiteTitle "FM"]
[BlackTitle "CM"]
[WhiteElo "2366"]
[BlackElo "2161"]
[WhiteFideId "202274"]
[BlackFideId "409898"]
[EventDate "2012.01.24"]

1. e4 e6 2. d4 d5 3. Nc3 Nf6 4. exd5 exd5 5. Bd3 Bd6 6. Bg5 c6 7. Nge2 h6 8. Bf4
Qc7 9. Qd2 Bxf4 10. Nxf4 g5 11. Nfe2 Be6 12. f4 g4 13. O-O-O b5 14. f5 Bd7 15.
h3 Na6 16. Qe3+ Kd8 17. hxg4 Nxg4 18. Qf3 Nf6 19. g4 Nb4 20. g5 Nxd3+ 21. cxd3
Ng8 22. g6 f6 23. Qg4 Ne7 24. g7 Rg8 25. Ng3 Qd6 26. Rxh6 Kc7 27. Rf1 Rxg7 28.
Qxg7 Rg8 29. Qxf6 Qxg3 30. Qxe7 Re8 31. Qh4 Qxd3 32. Qf4+ 1-0

[Event "Gibraltar Open"]
[Site "Caleta ENG"]
[Date "2012.01.29"]
[Round "6.64"]
[White "Fenollar Jorda, Manuel"]
[Black "Vinas Guerrero, Carlos A."]
[Result "1/2-1/2"]
[WhiteTitle "FM"]
[WhiteElo "2360"]
[BlackElo "2160"]
[WhiteFideId "2217104"]
[BlackFideId "2216868"]
[EventDate "2012.01.24"]

1. d4 d5 2. Nf3 Nf6 3. e3 c6 4. c4 e6 5. Nbd2 Nbd7 6. Bd3 Bd6 7. O-O O-O 8. e4
dxe4 9. Nxe4 Nxe4 10. Bxe4 h6 11. Bc2 e5 12. Qd3 f5 13. c5 Bc7 14. Qc4+ Kh8 15.
Nxe5 Nxe5 16. dxe5 Bxe5 17. Rd1 Qf6 18. f4 Bxb2 19. Bxb2 Qxb2 20. Rab1 Be6 21.
Rxb2 Bxc4 22. Rxb7 Bd5 23. Re1 Rab8 24. Rxb8 Rxb8 25. Bxf5 Bxa2 26. Re7 Ra8 27.
Be4 Bd5 28. Bxd5 cxd5 29. Rd7 Rc8 30. Rxd5 a5 31. Kf2 a4 32. Rd4 Rxc5 33. Rxa4
Rc2+ 34. Kf3 Rc3+ 35. Kg4 Rc2 36. Kh3 Rc3+ 37. g3 Rc2 38. g4 Kh7 39. f5 Rc3+ 40.
Kg2 Kg8 41. Rf4 g6 42. h4 Kf7 43. Rf3 Rc2+ 44. Kg3 gxf5 45. Rxf5+ Kg7 46. Rd5
Rc7 47. Kf4 Ra7 48. Kf5 Rf7+ 49. Ke4 Rb7 50. Rd4 Rc7 51. Kf5 Rf7+ 52. Ke6 Rf6+
53. Ke5 Rf7 54. h5 Re7+ 55. Kf5 Rf7+ 56. Ke6 Rf6+ 57. Ke5 Rf7 58. Rd6 Re7+ 59.
Re6 Ra7 60. Rg6+ Kh7 61. Rd6 Rg7 62. Kf5 Rg5+ 63. Kf4 Rg7 64. Re6 Rf7+ 65. Ke5
Rg7 66. Kf5 Rg5+ 67. Kf4 Rg7 68. Rf6 Ra7 69. Rd6 Rf7+ 70. Ke5 Rg7 71. Rd4 Rg5+
72. Kf6 Kg8 73. Re4 Kh8 74. Ke6 Kg8 75. Rf4 Kh8 76. Rf7 Kg8 77. Rf6 Rxg4 78.
Rxh6 Rf4 1/2-1/2